000 00414nam a2200181Ia 4500
008 210210b1930 xxu||||| |||| 00| 0 eng d
041 _aeng
082 _a829/1147
100 _aTREBLE (H A)
245 _aThird round of tales
260 _aLondon
_bOxford University Press
_c1930
650 _aThird
650 _atales
650 _around
650 _aof
690 _aEnglish Fiction
906 _a017759
999 _c137743
_d137743